[Event "Chess"]
[Site "?"]
[Date "2012.05.14"]
[Round "2.3"]
[White "Chighladze, Iveri"]
[Black "Gagunashvili, Merab"]
[Result "0-1"]
[LiveChessVersion "1.3.1"]
[BlackElo "2570"]
[WhiteElo "2390"]

1. Nf3 {[%clk 1:30:57]} Nf6 {[%clk 1:29:35]} 2. g3 {[%clk 1:31:14]} b5
{[%clk 1:29:05]} 3. Bg2 {[%clk 1:31:26]} Bb7 {[%clk 1:29:30]} 4. a4
{[%clk 1:31:13]} b4 {[%clk 1:29:45]} 5. c4 {[%clk 1:31:13]} bxc3 {[%clk 1:28:17]}
6. bxc3 {[%clk 1:31:24]} g6 {[%clk 1:27:56]} 7. Qb3 {[%clk 1:28:28]} Bd5
{[%clk 1:27:25]} 8. c4 {[%clk 1:28:21]} Bc6 {[%clk 1:27:47]} 9. d4
{[%clk 1:27:59]} Na6 {[%clk 1:27:12]} 10. Nbd2 {[%clk 1:16:19]} Bg7
{[%clk 1:26:25]} 11. Ba3 {[%clk 1:15:16]} O-O {[%clk 1:23:48]} 12. O-O
{[%clk 1:15:32]} Rb8 {[%clk 1:23:02]} 13. Qc3 {[%clk 1:14:35]} d6
{[%clk 1:21:36]} 14. Qa5 {[%clk 1:12:47]} Qc8 {[%clk 1:21:16]} 15. Rab1
{[%clk 1:01:01]} Rb6 {[%clk 1:16:35]} 16. d5 {[%clk 0:47:52]} Bb7
{[%clk 1:15:21]} 17. e4 {[%clk 0:47:46]} Nd7 {[%clk 1:14:40]} 18. Nb3
{[%clk 0:47:14]} c5 {[%clk 1:13:45]} 19. Qd2 {[%clk 0:45:04]} Ba8
{[%clk 1:13:00]} 20. Na5 {[%clk 0:40:55]} Rxb1 {[%clk 1:02:19]} 21. Rxb1
{[%clk 0:39:51]} Nb6 {[%clk 1:02:38]} 22. Bb2 {[%clk 0:35:23]} Bxb2
{[%clk 1:02:10]} 23. Rxb2 {[%clk 0:33:49]} Kg7 {[%clk 0:46:23]} 24. Ng5
{[%clk 0:29:42]} h6 {[%clk 0:44:10]} 25. Bh3 {[%clk 0:30:07]} Qe8
{[%clk 0:42:45]} 26. Nf3 {[%clk 0:28:10]} Nxa4 {[%clk 0:41:59]} 27. Rb3
{[%clk 0:26:14]} Nb4 {[%clk 0:38:49]} 28. Ra3 {[%clk 0:26:40]} Nb6
{[%clk 0:35:30]} 29. Ne1 {[%clk 0:26:42]} Qb8 {[%clk 0:33:22]} 30. Nc2
{[%clk 0:25:17]} Nxc2 {[%clk 0:33:01]} 31. Qxc2 {[%clk 0:25:44]} Qc7
{[%clk 0:32:30]} 32. Qa2 {[%clk 0:25:46]} Rb8 {[%clk 0:31:42]} 33. Bf1
{[%clk 0:17:29]} Nc8 {[%clk 0:25:09]} 34. Bh3 {[%clk 0:17:04]} Rb4
{[%clk 0:20:09]} 35. Bxc8 {[%clk 0:09:00]} Qxc8 {[%clk 0:20:27]} 36. Nb3
{[%clk 0:09:26]} Rxc4 {[%clk 0:19:10]} 37. Rxa7 {[%clk 0:09:53]} Bb7
{[%clk 0:18:22]} 38. Na5 {[%clk 0:01:29]} Rb4 {[%clk 0:17:41]} 39. Kg2
{[%clk 0:01:57]} Kf8 {[%clk 0:11:00]} 40. Qa1 {[%clk 0:30:55]} f6
{[%clk 0:40:24]} 41. h3 {[%clk 0:22:48]} Kf7 {[%clk 0:37:05]} 42. Qc1
{[%clk 0:21:23]} g5 {[%clk 0:36:59]} 43. Qd1 {[%clk 0:19:55]} Rb6
{[%clk 0:34:56]} 44. Qh5+ {[%clk 0:15:33]} Kg7 {[%clk 0:35:21]} 45. Nc4
{[%clk 0:11:27]} Rb4 {[%clk 0:35:05]} 46. Ne3 {[%clk 0:10:34]} Rxe4
{[%clk 0:34:20]} 47. Ng4 {[%clk 0:08:16]} Rxg4 {[%clk 0:34:17]} 48. hxg4
{[%clk 0:07:46]} Qe6 {[%clk 0:32:33]} 49. Kf1 {[%clk 0:00:43]} Qxd5
{[%clk 0:32:39]} 50. f4 {[%clk 0:00:58]} Qf3+ {[%clk 0:32:51]} 51. Ke1
{[%clk 0:01:26]} Qxg3+ {[%clk 0:33:06]} 52. Kd1 {[%clk 0:01:50]} Qxf4
{[%clk 0:32:59]} 53. Qe8 {[%clk 0:02:12]} Qxg4+ {[%clk 0:32:44]} 54. Kd2
{[%clk 0:02:22]} Qd4+ {[%clk 0:32:47]} 55. Kc1 {[%clk 0:02:04]} Qc3+
{[%clk 0:32:56]} 56. Kb1 {[%clk 0:02:27]} Be4+ {[%clk 0:33:09]} 57. Ka2
{[%clk 0:02:54]} Qc2+ {[%clk 0:33:14]} 58. Ka3 {[%clk 0:03:13]} Qc1+
{[%clk 0:33:23]} 59. Kb3 {[%clk 0:03:28]} Bd5+ {[%clk 0:33:32]} 60. Ka4
{[%clk 0:03:55]} Qa1+ {[%clk 0:33:13]} 61. Kb5 {[%clk 0:04:23]} Bc6+
{[%clk 0:33:27]} 0-1

[Event "Chess"]
[Site "?"]
[Date "2012.05.14"]
[Round "2.5"]
[White "Beradze, Irakli"]
[Black "Paichadze, Luka"]
[Result "0-1"]
[LiveChessVersion "1.3.1"]
[BlackElo "2480"]
[WhiteElo "2298"]

1. e4 {[%clk 0:11:08]} c6 2. Nc3 {[%clk 0:11:08]} d5 3. Nf3 {[%clk 0:11:08]} dxe4
4. Nxe4 {[%clk 0:11:08]} Nf6 {[%clk 0:08:51]} 5. Ng3 {[%clk 0:11:08]} h5
{[%clk 0:08:51]} 6. h4 {[%clk 0:11:08]} Bg4 {[%clk 0:08:51]} 7. Be2
{[%clk 0:11:08]} Nbd7 {[%clk 0:08:51]} 8. Ng5 {[%clk 0:11:08]} e6
{[%clk 0:08:51]} 9. d3 {[%clk 0:11:08]} Qc7 {[%clk 0:08:51]} 10. Bd2
{[%clk 0:11:08]} Ne5 {[%clk 0:08:51]} 11. Bxg4 {[%clk 0:11:08]} Nexg4
{[%clk 0:08:51]} 12. Qe2 {[%clk 0:11:08]} Qb6 {[%clk 0:08:51]} 13. O-O
{[%clk 0:11:08]} Qc7 {[%clk 0:08:51]} 14. a4 {[%clk 0:11:08]} Bc5
{[%clk 0:08:51]} 15. Qf3 {[%clk 0:11:08]} Bd6 {[%clk 0:08:51]} 16. a5
{[%clk 0:11:08]} a6 {[%clk 0:08:51]} 17. Ra4 {[%clk 0:11:08]} O-O-O
{[%clk 0:08:51]} 18. Bf4 {[%clk 0:11:08]} Ne5 {[%clk 0:08:51]} 19. Qe2
{[%clk 0:11:08]} Ng6 {[%clk 0:08:51]} 20. Bxd6 {[%clk 0:11:08]} Rxd6
{[%clk 0:08:51]} 21. Qe3 {[%clk 0:11:08]} Kb8 {[%clk 0:08:51]} 22. N3e4
{[%clk 0:11:08]} Rd5 {[%clk 0:08:51]} 23. Qg3 {[%clk 0:11:08]} Nxe4
{[%clk 0:08:51]} 24. Rxe4 {[%clk 0:11:08]} Rf5 {[%clk 0:08:51]} 25. Qxc7+
{[%clk 0:11:08]} Kxc7 {[%clk 0:08:51]} 26. b4 {[%clk 0:11:08]} Rd8
{[%clk 0:08:51]} 27. g3 {[%clk 0:11:08]} Rd7 {[%clk 0:08:51]} 28. Rb1
{[%clk 0:11:08]} Ne5 {[%clk 0:08:51]} 29. Kg2 {[%clk 0:11:08]} Ng4
{[%clk 0:08:51]} 30. f3 {[%clk 0:11:08]} Nf6 {[%clk 0:08:51]} 31. Rc4
{[%clk 0:11:08]} Rb5 {[%clk 0:08:51]} 32. Kf2 {[%clk 0:11:08]} Rf5
{[%clk 0:08:51]} 33. Ke2 {[%clk 0:11:08]} Re5+ {[%clk 0:08:51]} 34. Kd2
{[%clk 0:11:08]} Rf5 {[%clk 0:08:51]} 35. Re1 {[%clk 0:11:08]} Ne8
{[%clk 0:08:51]} 36. g4 {[%clk 0:11:08]} hxg4 {[%clk 0:08:51]} 37. fxg4
{[%clk 0:11:08]} Rf6 {[%clk 0:08:51]} 38. Ke3 {[%clk 0:11:08]} Rh6
{[%clk 0:08:51]} 39. Rh1 {[%clk 0:11:08]} e5 {[%clk 0:08:51]} 40. Ne4
{[%clk 0:11:08]} f6 {[%clk 0:08:51]} 41. d4 {[%clk 0:11:08]} Rd5 {[%clk 0:08:51]}
42. dxe5 {[%clk 0:11:08]} Rxe5 {[%clk 0:08:51]} 43. Kf3 {[%clk 0:11:08]} f5
{[%clk 0:08:51]} 44. gxf5 {[%clk 0:11:08]} Rxf5+ {[%clk 0:08:51]} 45. Kg4
{[%clk 0:11:08]} Re5 {[%clk 0:08:51]} 46. Kf4 {[%clk 0:11:08]} Rd5
{[%clk 0:08:51]} 47. Rc5 {[%clk 0:11:08]} Nf6 {[%clk 0:08:51]} 48. c3
{[%clk 0:11:08]} Nxe4 {[%clk 0:08:51]} 49. Kxe4 {[%clk 0:11:08]} Rxc5
{[%clk 0:08:51]} 50. bxc5 {[%clk 0:11:08]} Rh5 {[%clk 0:08:51]} 51. Rg1
{[%clk 0:11:08]} Rxh4+ {[%clk 0:08:51]} 52. Kd3 {[%clk 0:11:08]} Ra4
{[%clk 0:08:51]} 53. Rf1 {[%clk 0:11:08]} Rg4 {[%clk 0:08:51]} 54. Rf7+
{[%clk 0:11:08]} Kb8 {[%clk 0:08:51]} 55. Rf8+ {[%clk 0:11:08]} Ka7
{[%clk 0:08:51]} 56. Rg8 {[%clk 0:11:08]} g6 {[%clk 0:08:51]} 57. Rg7
{[%clk 0:11:08]} Ra4 {[%clk 0:08:51]} 58. Rxg6 {[%clk 0:11:08]} Rxa5
{[%clk 0:08:51]} 59. Kc4 {[%clk 0:11:08]} Rb5 {[%clk 0:08:51]} 60. Rg8
{[%clk 0:11:08]} a5 {[%clk 0:08:51]} 61. Rg1 {[%clk 0:11:08]} Rb2
{[%clk 0:08:51]} 62. Re1 {[%clk 0:11:08]} Rh2 {[%clk 0:08:51]} 63. Ra1
{[%clk 0:11:08]} Rh4+ {[%clk 0:08:51]} 64. Kd3 {[%clk 0:11:08]} Rg4
{[%clk 0:08:51]} 65. Rc1 {[%clk 0:11:08]} Rh4 {[%clk 0:08:51]} 66. Rb1
{[%clk 0:11:08]} Rg4 {[%clk 0:08:51]} 67. Rb2 {[%clk 0:11:08]} a4
{[%clk 0:08:51]} 68. Rb1 {[%clk 0:11:08]} a3 {[%clk 0:08:51]} 69. Ra1
{[%clk 0:11:08]} Ra4 {[%clk 0:08:51]} 70. Ra2 {[%clk 0:11:08]} Ka6
{[%clk 0:08:51]} 71. c4 {[%clk 0:11:08]} b5 {[%clk 0:08:51]} 72. cxb6
{[%clk 0:11:08]} Kxb6 {[%clk 0:08:51]} 73. Kc3 {[%clk 0:11:08]} Kc5
{[%clk 0:08:51]} 74. Kb3 {[%clk 0:11:08]} Ra8 {[%clk 0:08:51]} 75. Ra1
{[%clk 0:11:08]} a2 {[%clk 0:08:51]} 76. Kb2 {[%clk 0:11:08]} Kb4
{[%clk 0:08:51]} 77. c5 {[%clk 0:11:08]} Ra5 {[%clk 0:08:51]} 78. Rxa2
{[%clk 0:11:08]} Rxa2+ {[%clk 0:08:51]} 79. Kxa2 {[%clk 0:11:08]} Kxc5
{[%clk 0:08:51]} 0-1

[Event "Chess"]
[Site "?"]
[Date "2012.05.14"]
[Round "2.6"]
[White "Lomsadze, Davit"]
[Black "Javakhadze, Zurab"]
[Result "1-0"]
[LiveChessVersion "1.3.1"]
[BlackElo "2418"]
[WhiteElo "2345"]

1. d4 {[%clk 1:30:57]} Nf6 {[%clk 1:30:18]} 2. g3 {[%clk 1:31:10]} d5
{[%clk 1:26:34]} 3. Bg2 {[%clk 1:31:33]} e6 {[%clk 1:25:09]} 4. Nf3
{[%clk 1:31:57]} Be7 {[%clk 1:25:29]} 5. O-O {[%clk 1:32:19]} O-O
{[%clk 1:25:52]} 6. c4 {[%clk 1:31:48]} dxc4 {[%clk 1:21:36]} 7. Nbd2
{[%clk 1:29:27]} c3 {[%clk 1:16:28]} 8. bxc3 {[%clk 1:26:36]} c5 {[%clk 1:16:56]}
9. Nb3 {[%clk 1:22:30]} cxd4 {[%clk 1:15:03]} 10. Nbxd4 {[%clk 1:15:55]} Nbd7
{[%clk 1:12:36]} 11. Qc2 {[%clk 1:14:37]} Nc5 {[%clk 1:07:43]} 12. a4
{[%clk 1:10:53]} Bd7 {[%clk 0:49:51]} 13. a5 {[%clk 1:10:30]} Qc7
{[%clk 0:48:46]} 14. c4 {[%clk 1:01:56]} Na6 {[%clk 0:35:37]} 15. Bf4
{[%clk 0:58:29]} Bd6 {[%clk 0:25:13]} 16. Nb5 {[%clk 0:55:09]} Bxb5
{[%clk 0:25:22]} 17. Bxd6 {[%clk 0:55:32]} Qxd6 {[%clk 0:25:33]} 18. cxb5
{[%clk 0:56:00]} Nc5 {[%clk 0:23:44]} 19. Rfd1 {[%clk 0:54:08]} Qc7
{[%clk 0:21:57]} 20. a6 {[%clk 0:49:44]} Nxa6 {[%clk 0:19:49]} 21. Rdc1
{[%clk 0:38:20]} Qxc2 {[%clk 0:02:19]} 22. Rxc2 {[%clk 0:38:44]} Nb4
{[%clk 0:02:34]} 23. Rc4 {[%clk 0:34:35]} a5 {[%clk 0:02:00]} 24. Ng5
{[%clk 0:19:11]} Nfd5 {[%clk 0:00:37]} 25. e4 {[%clk 0:18:56]} h6
{[%clk 0:00:54]} 26. exd5 {[%clk 0:17:41]} exd5 {[%clk 0:00:50]} 27. Rc7
{[%clk 0:18:02]} hxg5 {[%clk 0:00:58]} 28. Rxb7 {[%clk 0:17:43]} a4
{[%clk 0:00:34]} 29. b6 {[%clk 0:17:30]} a3 {[%clk 0:00:36]} 30. Rc7
{[%clk 0:16:27]} a2 {[%clk 0:00:36]} 31. b7 {[%clk 0:16:34]} Ra6 {[%clk 0:00:32]}
32. Rd7 {[%clk 0:15:57]} Rb8 {[%clk 0:00:34]} 33. Rc7 {[%clk 0:12:04]} Kh7
{[%clk 0:00:52]} 34. Bh3 {[%clk 0:11:19]} Rb6 {[%clk 0:00:40]} 35. Bc8
{[%clk 0:11:14]} Na6 {[%clk 0:00:33]} 36. Bf5+ {[%clk 0:08:52]} g6
{[%clk 0:00:39]} 37. Rxf7+ {[%clk 0:09:12]} Kg8 {[%clk 0:01:00]} 38. Rd7
{[%clk 0:06:41]} gxf5 {[%clk 0:01:07]} 39. Rxa2 {[%clk 0:06:59]} d4
{[%clk 0:00:40]} 40. Ra5 {[%clk 0:36:11]} 1-0

[Event "Chess"]
[Site "?"]
[Date "2012.05.15"]
[Round "3.2"]
[White "Pantsulaia, Levan"]
[Black "Arutinian, David"]
[Result "1/2-1/2"]
[WhiteElo "2581"]
[BlackElo "2561"]
[PlyCount "97"]
[EventDate "2012.??.??"]

1. Nf3 Nf6 2. c4 e6 3. g3 a6 4. Bg2 b5 5. b3 c5 6. Nc3 Qa5 7. e4 Nc6 8. e5 Ng4
9. h3 Nh6 10. g4 Be7 11. O-O f5 12. exf6 Bxf6 13. Rb1 Nf7 14. Ne4 Bd4 15. Nxd4
cxd4 16. a4 Rb8 17. d3 Qc7 18. f4 bxa4 19. Ba3 axb3 20. f5 Nb4 21. Rxb3 a5 22.
Qd2 O-O 23. fxe6 dxe6 24. Bxb4 axb4 25. Rxb4 Bb7 26. Qf4 e5 27. Qg3 Bc6 28.
Rxb8 Rxb8 29. g5 Nh8 30. Qg4 Bd7 31. Nf6+ gxf6 32. Bd5+ Nf7 33. Qh5 Bc6 34.
gxf6 Bxd5 35. Qg4+ Kf8 36. Qg7+ Ke8 37. cxd5 Qd6 38. Ra1 Qf8 39. Qxh7 Qh8 40.
Qf5 Qh6 41. Kh1 Kf8 42. Rg1 Qf4 43. Rg8+ Kxg8 44. Qg6+ Kf8 45. Qg7+ Ke8 46.
Qg8+ Kd7 47. Qxf7+ Kc8 48. Qe8+ Kb7 49. Qb5+ 1/2-1/2

[Event "Chess"]
[Site "?"]
[Date "2012.05.15"]
[Round "3.3"]
[White "Javakhadze, Zurab"]
[Black "Quparadze, Giga"]
[Result "1-0"]
[WhiteElo "2418"]
[BlackElo "2471"]
[PlyCount "137"]
[EventDate "2012.??.??"]

1. d4 Nf6 2. c4 e6 3. g3 d5 4. Nf3 c6 5. Qc2 Bb4+ 6. Nbd2 O-O 7. Bg2 b6 8. O-O
Ba6 9. Rd1 Be7 10. Ne5 Nfd7 11. Nd3 f5 12. Nf4 Rf6 13. cxd5 exd5 14. Nxd5 Rd6
15. Nxe7+ Qxe7 16. Nc4 Rg6 17. Bf4 Bxc4 18. Qxc4+ Kh8 19. d5 Nc5 20. Bxb8 Rxb8
21. dxc6 a5 22. e3 Rf6 23. Rd4 h6 24. Rad1 Rc8 25. b3 Qc7 26. Bd5 Ne4 27. a3
Nd6 28. Qd3 Rcf8 29. b4 axb4 30. axb4 b5 31. Ra1 Rb8 32. Ra6 Nc8 33. Qa3 Kh7
34. Ra8 Nb6 35. Rxb8 Qxb8 36. Bg2 Nc4 37. Qa6 Nd6 38. Qa5 Rf7 39. Qa2 Rf6 40.
h4 Nc4 41. Rd7 Ne5 42. c7 Qc8 43. Re7 Nd7 44. Qa8 Qxc7 45. Qe8 Qc1+ 46. Bf1 Nb6
47. Qxb5 Nc8 48. Rd7 Nd6 49. Qc5 Qd2 50. b5 Qxf2+ 51. Kxf2 Ne4+ 52. Kf3 Nxc5
53. Rd5 Na4 54. Bd3 g6 55. h5 Nb6 56. Rc5 Rd6 57. hxg6+ Kxg6 58. Bxf5+ Kf6 59.
e4 Na4 60. Rc6 Ke5 61. Rxd6 Kxd6 62. Kf4 Nc3 63. e5+ Kc5 64. Bd3 Kd4 65. e6
Nd5+ 66. Kf5 Kxd3 67. Ke5 Kc4 68. b6 Ne7 69. Ke4 {Kd5+} 1-0

[Event "Chess"]
[Site "?"]
[Date "2012.05.15"]
[Round "3.4"]
[White "Gagunashvili, Merab"]
[Black "Lomsadze, Davit"]
[Result "1-0"]
[WhiteElo "2570"]
[BlackElo "2345"]
[PlyCount "91"]
[EventDate "2012.??.??"]

1. d4 Nf6 2. c4 g6 3. Nc3 Bg7 4. Nf3 O-O 5. Bg5 d6 6. e3 Bg4 7. Be2 Nbd7 8. h3
Bxf3 9. Bxf3 Rb8 10. O-O c5 11. d5 a6 12. a4 Ne8 13. Qc2 Nc7 14. Be2 Nf6 15.
Rad1 Kh8 16. Bf4 Ng8 17. Kh1 f5 18. e4 fxe4 19. Qxe4 Qd7 20. Bd2 Qe8 21. Qd3
Qf7 22. Bc1 Nf6 23. f4 e6 24. dxe6 Nxe6 25. Qxd6 Rbd8 26. Qb6 Nd4 27. Qxc5 Nxe2
28. Nxe2 Rc8 29. Qe3 Rfe8 30. Qd3 Qxc4 31. Nc3 Kg8 32. Rf3 Qxd3 33. Rfxd3 Ne4
34. Nxe4 Rxe4 35. b3 Bf6 36. Kh2 Re2 37. Bd2 Bh4 38. Rc1 Rd8 39. Rxd8+ Bxd8 40.
Bb4 Kf7 41. Rc8 Bb6 42. Rf8+ Kg7 43. Rb8 Bf2 44. Rxb7+ Kf6 45. Ba5 Bc5 46. Bb6
1-0

[Event "Chess"]
[Site "?"]
[Date "2012.05.15"]
[Round "3.5"]
[White "Paichadze, Luka"]
[Black "Chighladze, Iveri"]
[Result "1-0"]
[WhiteElo "2480"]
[BlackElo "2390"]
[PlyCount "78"]
[EventDate "2012.??.??"]

1. e4 e6 2. d4 d5 3. exd5 exd5 4. c4 Nf6 5. Nc3 Bb4 6. Nf3 O-O 7. Be2 dxc4 8.
Bxc4 Nc6 9. O-O Bg4 10. Be3 Rb8 11. Be2 Nd5 12. Qc2 Bh5 13. Nxd5 Qxd5 14. a3
Bd6 15. Bc4 Bg6 16. Bxd5 Bxc2 17. Rfc1 Ba4 18. b3 Bb5 19. a4 Bd3 20. Bxc6 bxc6
21. Nd2 Rb6 22. d5 cxd5 23. Bxb6 axb6 24. a5 b5 25. a6 Ra8 26. a7 Kf8 27. Nf3
Ke7 28. Rd1 Be4 29. Nd4 b4 30. Nb5 c6 31. Nd4 c5 32. Nb5 Bf4 33. f3 Bc2 34.
Rxd5 Ke6 35. Rxc5 Be3+ 36. Kh1 Rxa7 37. Re1 Ra1 38. Rxa1 Bxc5 39. Rc1 Kd5 1-0

[Event "Chess"]
[Site "?"]
[Date "2012.05.16"]
[Round "4.2"]
[White "Arutinian, David"]
[Black "Zarkua, Davit"]
[Result "1/2-1/2"]
[WhiteElo "2561"]
[BlackElo "2446"]
[PlyCount "33"]
[EventDate "2012.??.??"]

1. d4 g6 2. c4 Bg7 3. e4 d6 4. Nc3 e5 5. d5 Nd7 6. Bd3 h5 7. h4 Bh6 8. Bxh6
Nxh6 9. Qd2 Nc5 10. Bc2 f5 11. Nf3 f4 12. b4 Na6 13. a3 Nf7 14. Ba4+ Kf8 15. g3
Qf6 16. Qd3 Ke7 17. Rg1 1/2-1/2

[Event "Chess"]
[Site "?"]
[Date "2012.05.16"]
[Round "4.4"]
[White "Lomsadze, Davit"]
[Black "Paichadze, Luka"]
[Result "1/2-1/2"]
[WhiteElo "2345"]
[BlackElo "2480"]
[PlyCount "58"]
[EventDate "2012.??.??"]

1. d4 d5 2. Nf3 e6 3. g3 Nf6 4. Bg2 b5 5. O-O Nbd7 6. Ne5 c5 7. c3 Bd6 8. f4
O-O 9. Kh1 cxd4 10. cxd4 b4 11. Nd2 Ba6 12. Ndf3 Rc8 13. g4 Ne4 14. Qa4 Nb8 15.
Nd3 Qc7 16. Nfe1 Qb6 17. Be3 Nc6 18. Qd1 f5 19. gxf5 exf5 20. Nf3 Rf6 21. Nfe5
Rh6 22. Bxe4 fxe4 23. Nc5 Bxc5 24. dxc5 Qd8 25. Nxc6 Rxh2+ 26. Kxh2 Qh4+ 27.
Kg2 Qg4+ 28. Kf2 Qh4+ 29. Kg2 Qg4+ 1/2-1/2

[Event "Chess"]
[Site "?"]
[Date "2012.05.16"]
[Round "4.6"]
[White "Pantsulaia, Levan"]
[Black "Javakhadze, Zurab"]
[Result "1/2-1/2"]
[WhiteElo "2581"]
[BlackElo "2418"]
[PlyCount "139"]
[EventDate "2012.??.??"]

1. Nf3 d5 2. g3 c6 3. Bg2 Nf6 4. c4 dxc4 5. O-O Nbd7 6. Na3 Nb6 7. Qc2 g6 8.
Nxc4 Nxc4 9. Qxc4 Bg7 10. d3 O-O 11. Qc2 h6 12. b3 Be6 13. Bb2 Rc8 14. Be5 c5
15. Qb2 Qb6 16. Rfc1 Ne8 17. Rc2 f6 18. Bf4 g5 19. Bd2 Nc7 20. d4 f5 21. Bc3 c4
22. bxc4 Bxc4 23. Qc1 Nb5 24. Bb2 Be6 25. e3 Rxc2 26. Qxc2 Rc8 27. Qd3 Nd6 28.
Ba3 Ne4 29. Rc1 Rxc1+ 30. Bxc1 Bxa2 31. Nd2 Bd5 32. Nxe4 Qc6 33. Qa3 fxe4 34.
Bf1 e6 35. Bd2 a6 36. Qe7 Bf8 37. Qd8 Qd6 38. Qe8 Kg7 39. Be2 Bc6 40. Qa8 Be7
41. Bg4 Qd7 42. Kg2 Bd5 43. Qa7 Qc7 44. Qa8 Qd8 45. Qa7 Qc7 46. Qa8 Bd8 47. Qa7
a5 48. Be2 Kf6 49. Bf1 Ke7 50. Be1 Kd7 51. Bb5+ Ke7 52. Bf1 Kf6 53. Be2 Kg6 54.
h3 h5 55. Bf1 h4 56. gxh4 gxh4 57. Be2 Kf6 58. Bf1 b6 59. Qa6 Qc1 60. Qe2 Bc7
61. Qh5 Ke7 62. Bb5 Bc6 63. Qxh4+ Kd7 64. Qh7+ Kc8 65. Bxc6 Qxc6 66. h4 Qd5 67.
h5 Qg5+ 68. Kf1 Qb5+ 69. Kg2 Qg5+ 70. Kf1 1/2-1/2

[Event "Chess"]
[Site "?"]
[Date "2012.05.17"]
[Round "5.2"]
[White "Javakhadze, Zurab"]
[Black "Arutinian, David"]
[Result "1-0"]
[WhiteElo "2418"]
[BlackElo "2561"]
[PlyCount "126"]
[EventDate "2012.??.??"]

1. e4 c5 2. Nf3 e6 3. b3 d6 4. Bb2 e5 5. Bc4 Be7 6. O-O Nc6 7. c3 Bg4 8. h3 Bh5
9. Re1 Nf6 10. Bf1 O-O 11. d3 d5 12. Nbd2 d4 13. Rc1 Nd7 14. Be2 Bg6 15. Nf1
Re8 16. Ng3 dxc3 17. Bxc3 b5 18. Nf1 Bd6 19. Ne3 a6 20. h4 Nd4 21. g3 f6 22.
Kg2 Nf8 23. Rh1 Nxe2 24. Qxe2 Bh5 25. Qd2 Ne6 26. Nh2 Ra7 27. Nd5 b4 28. Bb2
Rd7 29. Nf1 Nc7 30. Nb6 Rde7 31. Ne3 Ne6 32. Nbd5 Rd7 33. Rhf1 Bf8 34. a3 a5
35. axb4 axb4 36. Nc4 Rxd5 37. exd5 Qxd5+ 38. f3 Rd8 39. Rcd1 Bg6 40. Qe3 Bxd3
41. Rf2 e4 42. Rfd2 f5 43. Kh3 Nd4 44. Rxd3 exd3 45. Bxd4 cxd4 46. Qxd3 Re8 47.
Kg2 Bc5 48. Ne3 Qe6 49. Nxf5 Qe2+ 50. Kh3 Qxd3 51. Rxd3 g6 52. Nh6+ Kg7 53. Ng4
Re2 54. f4 Kf7 55. Ne5+ Ke6 56. Kg4 Kd5 57. Kf3 Rc2 58. Ng4 Ke6 59. Nf2 Kd5 60.
Ne4 Rc3 61. Nf2 Rc2 62. Ne4 Rc3 63. Nf2 Rc2 {Ke4+} 1-0

[Event "Chess"]
[Site "?"]
[Date "2012.05.17"]
[Round "5.3"]
[White "Gagunashvili, Merab"]
[Black "Pantsulaia, Levan"]
[Result "1-0"]
[WhiteElo "2570"]
[BlackElo "2581"]
[PlyCount "85"]
[EventDate "2012.??.??"]

1. e4 c5 2. Nf3 a6 3. c3 d5 4. exd5 Qxd5 5. d4 Bg4 6. Be2 e6 7. O-O Nf6 8. Be3
cxd4 9. cxd4 Bb4 10. a3 Ba5 11. Nc3 Qd6 12. Qa4+ Nc6 13. d5 exd5 14. b4 Bxf3
15. Bc5 Qf4 16. Bxf3 Bc7 17. Rfe1+ Kd8 18. Rad1 Qxh2+ 19. Kf1 Qh1+ 20. Ke2 Re8+
21. Be3 Qh4 22. Qb3 d4 23. b5 axb5 24. Nxb5 Ng4 25. Bxg4 Qxg4+ 26. Kf1 Be5 27.
Nxd4 Bxd4 28. Qxb7 Rc8 29. Qxf7 Rc7 30. Rxd4+ Qxd4 31. Qxe8+ Kxe8 32. Bxd4+ Kf7
33. Rc1 g6 34. Bb6 Rc8 35. a4 Ke6 36. a5 Kd5 37. a6 Ra8 38. a7 Kd6 39. Rd1+ Ke6
40. Bc5 Ne5 41. Rd6+ Kf5 42. Bd4 Nc4 43. Rc6 1-0

[Event "Chess"]
[Site "?"]
[Date "2012.05.17"]
[Round "5.4"]
[White "Paichadze, Luka"]
[Black "Quparadze, Giga"]
[Result "1-0"]
[WhiteElo "2480"]
[BlackElo "2471"]
[PlyCount "61"]
[EventDate "2012.??.??"]

1. e4 e6 2. b3 d5 3. Bb2 dxe4 4. Nc3 Nf6 5. Qe2 Nc6 6. Nxe4 Nxe4 7. Qxe4 Qd5 8.
Qxd5 exd5 9. O-O-O f6 10. Re1+ Kf7 11. Ne2 Bc5 12. d4 Bb4 13. Bc3 Bd6 14. g3
Ne7 15. Kb2 b5 16. Bd2 Bg4 17. Bg2 c6 18. Bf4 Nf5 19. f3 Bxf4 20. Nxf4 Bxf3 21.
Bxf3 Nxd4 22. Bg4 f5 23. c3 Nxb3 24. Bh5+ g6 25. axb3 gxh5 26. Re5 Kf6 27. Rhe1
Kg5 28. Ne6+ Kg4 29. Rf1 Kh3 30. Re2 Rhg8 31. Rf4 1-0

[Event "Chess"]
[Site "?"]
[Date "2012.05.17"]
[Round "5.5"]
[White "Shanava, Konstantine"]
[Black "Chighladze, Iveri"]
[Result "1-0"]
[WhiteElo "2589"]
[BlackElo "2390"]
[PlyCount "139"]
[EventDate "2012.??.??"]

1. e4 Nf6 2. d3 e5 3. Nf3 Nc6 4. g3 Bc5 5. Bg2 d5 6. exd5 Nxd5 7. O-O O-O 8.
Re1 Re8 9. Nbd2 Bg4 10. h3 Bh5 11. c3 a5 12. a4 Qd7 13. Ne4 Bb6 14. g4 Bg6 15.
Nh4 Bxe4 16. dxe4 Nf6 17. Qf3 Qe6 18. Nf5 Ne7 19. Bg5 Rad8 20. Bf1 Nxf5 21.
gxf5 Qb3 22. Qe2 Bc5 23. Bg2 Rd6 24. Bf3 Red8 25. Qb5 Qxb5 26. axb5 b6 27. Ra4
h6 28. Bc1 Ne8 29. Be2 Rf6 30. h4 Kh7 31. h5 g6 32. hxg6+ fxg6 33. Kg2 gxf5 34.
exf5 Rxf5 35. f4 exf4 36. Bxf4 Nf6 37. Bxc7 Rd2 38. Kh3 Bf2 39. Bg4 Nxg4 40.
Re7+ Kg6 41. Rxg4+ Kh5 42. Rf4 Rxb5 43. Be5 Rd3+ 44. Kg2 Bg3 45. c4 Rxb2+ 46.
Bxb2 Bxf4 47. Re6 Be3 48. Kf1 Bc5 49. Ke2 Rd6 50. Re5+ Kg6 51. Bc3 a4 52. Re8
a3 53. Rg8+ Kf7 54. Rh8 Kg6 55. Rg8+ Kh5 56. Re8 Rg6 57. Kf3 Rg1 58. Rh8 a2 59.
Ra8 Bb4 60. Bd4 Ba5 61. c5 Rd1 62. Bh8 Rd2 63. Ra6 Rd8 64. cxb6 Rf8+ 65. Kg2
Rg8+ 66. Kh3 Bb4 67. Be5 Re8 68. b7 Rxe5 69. b8=Q Re3+ 70. Kg2 1-0

[Event "Chess"]
[Site "?"]
[Date "2012.05.18"]
[Round "6.3"]
[White "Chighladze, Iveri"]
[Black "Zarkua, Davit"]
[Result "0-1"]
[WhiteElo "2390"]
[BlackElo "2446"]
[PlyCount "80"]
[EventDate "2012.??.??"]

1. c4 g6 2. Nc3 Bg7 3. g3 e6 4. Bg2 Ne7 5. d4 O-O 6. Nf3 d5 7. O-O Nbc6 8. cxd5
exd5 9. Bf4 Bg4 10. Ne5 Nxe5 11. Bxe5 c6 12. Bxg7 Kxg7 13. b4 a6 14. a4 Be6 15.
Qd2 Nf5 16. b5 Nd6 17. bxc6 bxc6 18. Qf4 Nc4 19. Rfc1 g5 20. Qf3 Nd2 21. Qh5
Nb3 22. e4 Nxa1 23. Rxa1 h6 24. e5 f6 25. Re1 fxe5 26. Rxe5 Qf6 27. f4 gxf4 28.
Ne2 fxg3 29. hxg3 Rae8 30. Nf4 Bf7 31. Qe2 a5 32. Bh3 Kh8 33. Kh2 Rg8 34. Bd7
Rb8 35. Qe3 Rb2+ 36. Kh3 Rg5 37. Qc3 Rb4 38. Qc5 Rxd4 39. Rxg5 hxg5 40. Qf8+
Kh7 0-1

[Event "Chess"]
[Site "?"]
[Date "2012.05.18"]
[Round "6.4"]
[White "Lomsadze, Davit"]
[Black "Shanava, Konstantine"]
[Result "0-1"]
[WhiteElo "2345"]
[BlackElo "2589"]
[PlyCount "112"]
[EventDate "2012.??.??"]

1. d4 g6 2. g3 Bg7 3. Bg2 d6 4. Nf3 Nf6 5. O-O O-O 6. Nbd2 Nc6 7. e4 e5 8. dxe5
dxe5 9. h3 h6 10. c3 Qd3 11. Ne1 Qd6 12. Qe2 Be6 13. Nc2 Rad8 14. Re1 a6 15.
Nc4 Qc5 16. b3 Bxc4 17. bxc4 Qa5 18. Qf3 Rd7 19. Bf1 Rfd8 20. a4 Nh7 21. h4 h5
22. Ba3 Bf8 23. Bxf8 Kxf8 24. Reb1 Rd2 25. Nb4 Qc5 26. Nd5 Na5 27. Rd1 Nxc4 28.
Kg2 Rxd1 29. Rxd1 Nd6 30. Nf6 Kg7 31. Rd5 Qc6 32. Nxh7 Kxh7 33. Rxe5 Re8 34.
Rd5 Kg7 35. e5 Nf5 36. a5 Ne7 37. Qf6+ Qxf6 38. exf6+ Kxf6 39. Rd7 Nc6 40. Rxc7
Nxa5 41. f4 Re7 42. Rc5 Nb3 43. Rd5 Rc7 44. c4 Nc5 45. Kf3 a5 46. f5 a4 47.
fxg6 fxg6 48. Bg2 a3 49. Rd6+ Kg7 50. Rd2 Rd7 51. Ra2 Rd3+ 52. Kf4 Kf6 53. Bd5
b5 54. cxb5 Rxd5 55. Rxa3 Ne6+ 56. Kf3 Rf5+ 0-1

[Event "Chess"]
[Site "?"]
[Date "2012.05.18"]
[Round "6.5"]
[White "Pantsulaia, Levan"]
[Black "Paichadze, Luka"]
[Result "0-1"]
[WhiteElo "2581"]
[BlackElo "2480"]
[PlyCount "58"]
[EventDate "2012.??.??"]

1. Nf3 Nf6 2. g3 d5 3. Bg2 e6 4. O-O Be7 5. c4 O-O 6. d4 c6 7. Qc2 Nbd7 8. b3
b5 9. cxd5 cxd5 10. Qc6 Qb6 11. Qxa8 Ba6 12. Qxf8+ Kxf8 13. Nbd2 b4 14. Re1 h6
15. Bb2 g5 16. Rac1 g4 17. Nh4 Nh5 18. e3 Qa5 19. Ra1 Bd3 20. Rec1 Kg7 21. Bf1
Bxf1 22. Kxf1 Bxh4 23. gxh4 Nf8 24. Ke2 Qb5+ 25. Kd1 Qd3 26. a3 Nf6 27. Ke1 Ng6
28. axb4 Ne4 29. Nxe4 Nxh4 0-1